| 000 | 00430cam a22001814a 4500 | ||
|---|---|---|---|
| 005 | 20250605164245.0 | ||
| 008 | 250528s ||||||||||||||||||||||||d | ||
| 035 | _a21455 | ||
| 040 |
_aGR-AtMCL _bgre _dGR-AtMCL _eAACR2 |
||
| 245 | 1 | _aΨΥΧΟΘΕΡΑΠΕΙΑ | |
| 250 | _a1 | ||
| 260 |
_bΕπικουρος, _c1977 |
||
| 300 | _a323 | ||
| 700 | 1 |
_aKiernan Thomas _97491 |
|
| 942 | _cBK | ||
| 999 |
_c6517 _d6517 |
||